[Event "St Petersburg Rapid 2023"]
[Site "St Petersburg"]
[Date "2023.08.26"]
[Round "2"]
[White "Karalkin, Maksim"]
[Black "Volkov, Sergey"]
[Result "0-1"]
[WhiteElo "2141"]
[BlackElo "2464"]
[PlyCount "94"]
[EventDate "2023.08.26"]
[EventType "swiss (rapid)"]
[EventRounds "11"]
[EventCountry "RUS"]
[SourceTitle "EXT 2024"]
[Source "ChessBase"]
[SourceDate "2023.10.10"]
[SourceVersion "1"]
[SourceVersionDate "2023.10.10"]
[SourceQuality "1"]

1. e4 e6 2. d4 d5 3. exd5 exd5 4. Nf3 Nc6 5. Bb5 Bd6 6. c4 dxc4 7. d5 a6 8. Ba4 b5 9. dxc6 bxa4 10. 0-0 Ne7 11. Nbd2 c3 12. bxc3 0-0 13. Qxa4 Be6 14. Nc4 Bd5 15. Nd4 Bc5 16. Ne3 Bxd4 17. Qxd4 Bxc6 18. Ba3 Re8 19. Qxd8 Raxd8 20. Rfd1 Rc8 21. Rab1 Ng6 22. Rd4 h6 23. h3 Be4 24. Rb2 f5 25. f3 Bxf3 26. Nxf5 Be4 27. Rf2 Re5 28. Ng3 Bc6 29. Nf5 Rce8 30. Rc4 Bd7 31. Nd4 Rc8 32. Rc5 Rxc5 33. Bxc5 Ne5 34. Re2 Nd3 35. Ba3 c5 36. Nf3 Bc6 37. Re3 Rd8 38. Ne5 Nxe5 39. Rxe5 Rd2 40. Bxc5 Rxg2+ 41. Kf1 Rxa2 42. h4 a5 43. Re6 Bb5+ 44. Ke1 Rh2 45. Bf2 a4 46. Rb6 Bc4 47. Rb4 a3 0-1

[Event "Pardubice op rapid 30th"]
[Site "Pardubice"]
[Date "2019.07.18"]
[Round "6"]
[White "Karalkin, Maksim"]
[Black "Movsesian, Julia"]
[Result "1-0"]
[WhiteElo "2137"]
[BlackElo "2291"]
[PlyCount "99"]
[EventDate "2019.07.17"]
[EventType "swiss (rapid)"]
[EventRounds "9"]
[EventCountry "CZE"]
[SourceTitle "CBM 191 Extra"]
[Source "ChessBase"]
[SourceDate "2019.09.30"]
[SourceVersion "1"]
[SourceVersionDate "2019.09.30"]
[SourceQuality "1"]

1. e4 c5 2. Nf3 Nc6 3. Bb5 g6 4. Bxc6 dxc6 5. d3 Bg7 6. h3 e5 7. Be3 Qe7 8. 0-0 h6 9. Nc3 Nf6 10. Qd2 g5 11. Nh2 Be6 12. a3 Rd8 13. Qe2 0-0 14. Rfb1 b6 15. b4 Nd7 16. Na4 cxb4 17. axb4 Rfe8 18. Nc3 Nf8 19. b5 c5 20. Nf1 Ng6 21. Ng3 Nf4 22. Qf1 Qc7 23. Ra4 Rd7 24. Nf5 Red8 25. g3 Ng6 26. Qe2 Ne7 27. Nxe7+ Rxe7 28. Kh2 Red7 29. g4 Rc8 30. Rc4 Qb7 31. f3 f6 32. Nd1 Kf7 33. Nb2 h5 34. Kg3 Rh8 35. Ra4 Kg6 36. Kg2 Bf8 37. Nc4 Rdh7 38. Bg1 hxg4 39. hxg4 Rh1 40. Qf2 R8h2+ 41. Bxh2 Rxb1 42. c3 Rxb5 43. Qa2 Qf7 44. Rxa7 Qg8 45. Bxe5 fxe5 46. Nxe5+ Kf6 47. Nd7+ Ke7 48. Nxf8+ Kd6 49. Rd7+ Kc6 50. Qa8# 1-0

[Event "Pardubice op rapid 30th"]
[Site "Pardubice"]
[Date "2019.07.17"]
[Round "3"]
[White "Ludvik, Tomas"]
[Black "Karalkin, Maksim"]
[Result "0-1"]
[WhiteElo "2334"]
[BlackElo "2137"]
[PlyCount "50"]
[EventDate "2019.07.17"]
[EventType "swiss (rapid)"]
[EventRounds "9"]
[EventCountry "CZE"]
[SourceTitle "CBM 191 Extra"]
[Source "ChessBase"]
[SourceDate "2019.09.30"]
[SourceVersion "1"]
[SourceVersionDate "2019.09.30"]
[SourceQuality "1"]

1. d4 d5 2. c4 e6 3. Nc3 Be7 4. Nf3 Nf6 5. Bf4 0-0 6. e3 b6 7. cxd5 Nxd5 8. Nxd5 Qxd5 9. a3 Bb7 10. Bxc7 Na6 11. Bg3 Qa5+ 12. Qd2 Bb4 13. axb4 Qxa1+ 14. Qd1 Qxb2 15. Be2 Qxb4+ 16. Qd2 Rfc8 17. 0-0 Qxd2 18. Nxd2 Rc2 19. Rd1 Rac8 20. f3 Ra2 21. Bd3 Nb4 22. Bb1 Rb2 23. Ne4 Bd5 24. Nd6 Rc3 25. e4 Rcb3 0-1

[Event "Sochi ChessAmateur op10"]
[Site "Sochi"]
[Date "2018.10.15"]
[Round "6"]
[White "Shalygin, Andreij"]
[Black "Karalkin, Maksim"]
[Result "1-0"]
[WhiteElo "2311"]
[BlackElo "2191"]
[PlyCount "79"]
[EventDate "2018.10.12"]
[EventType "swiss"]
[EventRounds "9"]
[EventCountry "RUS"]
[SourceTitle "CBM 187 Extra"]
[Source "ChessBase"]
[SourceDate "2018.11.04"]
[SourceVersion "1"]
[SourceVersionDate "2018.11.04"]
[SourceQuality "1"]

1. e4 d6 2. d4 Nf6 3. Nc3 g6 4. Nf3 Bg7 5. Be2 0-0 6. 0-0 Nc6 7. Re1 e5 8. d5 Ne7 9. a4 a5 10. Nd2 Nd7 11. Nc4 f5 12. f3 f4 13. Nb5 Nb6 14. Nxb6 cxb6 15. b3 g5 16. Ba3 Rf6 17. Qd3 Bf8 18. Qc3 Ng6 19. Qc7 Qxc7 20. Nxc7 Rb8 21. Ne8 Kf7 22. Nxf6 Kxf6 23. b4 Be7 24. Reb1 Nf8 25. bxa5 bxa5 26. Rb6 Nd7 27. Bxd6 Nxb6 28. Bxb8 Bc5+ 29. Kf1 Bd4 30. Ra2 Bd7 31. Bb5 Bxb5+ 32. axb5 Nc4 33. Ke2 b6 34. g4 h6 35. c3 Bc5 36. Kd3 Nd6 37. Bxd6 Bxd6 38. Ra4 Ke7 39. Rc4 Bc5 40. Kc2 1-0

[Event "Chigorin Memorial 17th"]
[Site "St Petersburg"]
[Date "2009.10.24"]
[Round "9"]
[White "Dzhumagaliev, Yan"]
[Black "Karalkin, Maksim"]
[Result "1/2-1/2"]
[WhiteElo "2358"]
[BlackElo "2222"]
[PlyCount "92"]
[EventDate "2009.10.16"]
[EventType "swiss"]
[EventRounds "9"]
[EventCountry "RUS"]
[SourceTitle "CBM 132 Extra"]
[Source "ChessBase"]
[SourceDate "2009.11.03"]
[SourceVersion "1"]
[SourceVersionDate "2009.11.03"]
[SourceQuality "1"]

1. d4 d5 2. c4 c6 3. Nf3 Nf6 4. e3 Bg4 5. Nc3 e6 6. h3 Bxf3 7. Qxf3 Nbd7 8. Bd3 Bd6 9. 0-0 0-0 10. Bd2 Re8 11. Rae1 dxc4 12. Bxc4 e5 13. Qf5 Nb6 14. Bb3 Bc7 15. Ne4 Nbd5 16. Nxf6+ Nxf6 17. Bc3 Qe7 18. Rd1 e4 19. d5 Nxd5 20. Bxd5 cxd5 21. Rxd5 Rad8 22. Qg4 g6 23. Rfd1 Rxd5 24. Rxd5 Rd8 25. Rxd8+ Qxd8 26. Bd4 f5 27. Qd1 Bb6 28. Qb3+ Kf8 29. Qb4+ Kf7 30. Qc4+ Ke7 31. Be5 Qd1+ 32. Kh2 Qd8 33. Bf4 Qe8 34. Qd5 Qc6 35. Qg8 h5 36. Kg3 Qe6 37. Qb8 Qd5 38. Qc8 Qd7 39. Qh8 Qe6 40. a4 Kd7 41. Qg7+ Kc6 42. b4 a6 43. Qh8 Kd7 44. Qg7+ Kc6 45. Qf8 Kd7 46. Qg7+ Kc6 1/2-1/2

[Event "Chigorin Memorial 17th"]
[Site "St Petersburg"]
[Date "2009.10.19"]
[Round "4"]
[White "Smirnov, Artem"]
[Black "Karalkin, Maksim"]
[Result "1-0"]
[WhiteElo "2432"]
[BlackElo "2222"]
[PlyCount "107"]
[EventDate "2009.10.16"]
[EventType "swiss"]
[EventRounds "9"]
[EventCountry "RUS"]
[SourceTitle "CBM 132 Extra"]
[Source "ChessBase"]
[SourceDate "2009.11.03"]
[SourceVersion "1"]
[SourceVersionDate "2009.11.03"]
[SourceQuality "1"]

1. c4 c6 2. Nf3 d5 3. e3 Nf6 4. Nc3 a6 5. Qc2 e6 6. b3 Nbd7 7. Bb2 Bd6 8. d4 Qe7 9. Be2 0-0 10. 0-0 e5 11. dxe5 Nxe5 12. cxd5 cxd5 13. Rad1 Be6 14. Nd4 Rac8 15. Nf5 Bxf5 16. Qxf5 Qe6 17. Qxe6 fxe6 18. g3 Rc6 19. Rc1 Rfc8 20. Kg2 Ned7 21. Nb1 Be5 22. Ba3 Bd6 23. Bb2 Be5 24. Ba3 Bd6 25. Rxc6 Rxc6 26. Bxd6 Rxd6 27. Rc1 Ne5 28. Rc8+ Kf7 29. Nc3 Rc6 30. Rxc6 Nxc6 31. f4 Ke7 32. Kf2 Kd6 33. Ke1 d4 34. exd4 Nxd4 35. Bd1 e5 36. Kd2 exf4 37. gxf4 h6 38. Kd3 Nc6 39. Ne4+ Nxe4 40. Kxe4 a5 41. a3 b6 42. h4 Ne7 43. Bh5 Nd5 44. Bf7 Ne7 45. h5 Nc6 46. Bc4 Kc5 47. Kf5 a4 48. Kg6 Nd4 49. Kxg7 axb3 50. Bxb3 Nxb3 51. Kxh6 Nd4 52. Kg6 Kd5 53. h6 Ne6 54. Kf7 1-0

[Event "Mukachevo Spring"]
[Site "Mukachevo"]
[Date "2009.03.02"]
[Round "11"]
[White "Karalkin, Maksim"]
[Black "Kostromin, Mikhail"]
[Result "1/2-1/2"]
[WhiteElo "2190"]
[BlackElo "2378"]
[PlyCount "81"]
[EventDate "2009.02.23"]
[EventType "tourn"]
[EventRounds "11"]
[EventCountry "UKR"]
[SourceTitle "CBM 128 Extra"]
[Source "ChessBase"]
[SourceDate "2009.03.05"]
[SourceVersion "2"]
[SourceVersionDate "2009.03.25"]
[SourceQuality "1"]

1. e4 c5 2. c3 Nf6 3. e5 Nd5 4. Nf3 Nc6 5. Bc4 Nb6 6. Be2 d6 7. exd6 Qxd6 8. Na3 Bg4 9. d4 e6 10. Nb5 Qd7 11. h3 Bxf3 12. Bxf3 a6 13. dxc5 Bxc5 14. Qxd7+ Kxd7 15. Na3 Bxa3 16. bxa3 e5 17. 0-0 Kc7 18. Be4 Na4 19. f4 Nxc3 20. Bxc6 bxc6 21. fxe5 Rhf8 22. Be3 Ne4 23. Rac1 f5 24. exf6 Nxf6 25. Rf5 Kd7 26. Bd4 Nd5 27. Rxf8 Rxf8 28. Bxg7 Rg8 29. Bh6 Rg6 30. Bf8 Nf4 31. Rc4 Nxg2 32. Kf2 Rf6+ 33. Kxg2 Rxf8 34. Ra4 c5 35. Rxa6 c4 36. Ra4 Rc8 37. Kf2 c3 38. Rd4+ Ke6 39. Rd1 c2 40. Rc1 Rc3 41. Ke2 1/2-1/2

[Event "Mukachevo Spring"]
[Site "Mukachevo"]
[Date "2009.02.27"]
[Round "7"]
[White "Polyakov, Maxim"]
[Black "Karalkin, Maksim"]
[Result "1-0"]
[WhiteElo "2281"]
[BlackElo "2190"]
[PlyCount "81"]
[EventDate "2009.02.23"]
[EventType "tourn"]
[EventRounds "11"]
[EventCountry "UKR"]
[SourceTitle "CBM 128 Extra"]
[Source "ChessBase"]
[SourceDate "2009.03.05"]
[SourceVersion "2"]
[SourceVersionDate "2009.03.25"]
[SourceQuality "1"]

1. e4 e6 2. b3 d5 3. Bb2 dxe4 4. Nc3 Nf6 5. Qe2 Be7 6. Nxe4 Nxe4 7. Qxe4 Bf6 8. d4 Qd5 9. Bd3 Bd7 10. Qxd5 exd5 11. 0-0-0 Nc6 12. Re1+ Ne7 13. Ba3 Be6 14. f4 0-0-0 15. Nf3 Nf5 16. c3 Nh4 17. Nxh4 Bxh4 18. g3 Bf6 19. f5 Bd7 20. Be7 Rde8 21. Bxf6 gxf6 22. Rxe8+ Bxe8 23. Kd2 Bd7 24. Ke3 Kd8 25. Kf4 Ke7 26. Re1+ Kf8 27. Be2 Kg7 28. Bf3 c6 29. Re7 Bc8 30. Bh5 Rf8 31. h4 a5 32. g4 h6 33. a3 Kg8 34. a4 Kg7 35. Rc7 Kg8 36. Re7 Kg7 37. g5 hxg5+ 38. hxg5 fxg5+ 39. Kxg5 b5 40. Ra7 bxa4 41. bxa4 1-0

[Event "Mukachevo Spring"]
[Site "Mukachevo"]
[Date "2009.02.25"]
[Round "4"]
[White "Karalkin, Maksim"]
[Black "Bernadskiy, Vitaliy"]
[Result "0-1"]
[WhiteElo "2190"]
[BlackElo "2276"]
[PlyCount "56"]
[EventDate "2009.02.23"]
[EventType "tourn"]
[EventRounds "11"]
[EventCountry "UKR"]
[SourceTitle "CBM 128 Extra"]
[Source "ChessBase"]
[SourceDate "2009.03.05"]
[SourceVersion "2"]
[SourceVersionDate "2009.03.25"]
[SourceQuality "1"]

1. e4 e6 2. d4 d5 3. Nd2 Nc6 4. Ngf3 Nf6 5. e5 Nd7 6. Be2 f6 7. exf6 Qxf6 8. Nf1 Bd6 9. Ne3 0-0 10. 0-0 Qg6 11. c4 Nf6 12. a3 Bd7 13. b4 a6 14. Qd3 Qh5 15. Bb2 Qh6 16. Ne5 dxc4 17. N3xc4 Bxe5 18. dxe5 Nd5 19. Bf3 Nce7 20. Rfe1 Bc6 21. Be4 Nf4 22. Qg3 Rad8 23. Bxc6 Nxc6 24. Qe3 Qg6 25. Qf3 Nd3 26. Qg3 Qxg3 27. hxg3 b5 28. Na5 Nxa5 0-1

[Event "Mukachevo Spring"]
[Site "Mukachevo"]
[Date "2009.02.24"]
[Round "3"]
[White "Sevostianov, Pavel"]
[Black "Karalkin, Maksim"]
[Result "1/2-1/2"]
[WhiteElo "2257"]
[BlackElo "2190"]
[PlyCount "76"]
[EventDate "2009.02.23"]
[EventType "tourn"]
[EventRounds "11"]
[EventCountry "UKR"]
[SourceTitle "CBM 128 Extra"]
[Source "ChessBase"]
[SourceDate "2009.03.05"]
[SourceVersion "2"]
[SourceVersionDate "2009.03.25"]
[SourceQuality "1"]

1. c4 c6 2. Nf3 d5 3. Qc2 Nf6 4. g3 Bg4 5. Bg2 e6 6. 0-0 Nbd7 7. d3 Bd6 8. Nbd2 0-0 9. b3 Qe7 10. Bb2 Ba3 11. Qc1 Bxb2 12. Qxb2 Bh5 13. Rac1 a5 14. a3 Rfd8 15. d4 Bxf3 16. Nxf3 b5 17. cxd5 cxd5 18. Rc6 Rdc8 19. Rfc1 Rxc6 20. Rxc6 Qf8 21. Ne5 Rc8 22. Qc1 Rxc6 23. Nxc6 a4 24. b4 g6 25. Qf4 Ne8 26. e4 Qd6 27. exd5 exd5 28. Bxd5 Qxf4 29. gxf4 Nb6 30. Ba2 Nd6 31. Kf1 Nbc4 32. Ke2 Nxa3 33. Kd3 Nac4 34. d5 Kf8 35. Kd4 Na3 36. f3 Ke8 37. Kc5 Kd7 38. Ne5+ Kc7 1/2-1/2

[Event "Mukachevo Spring"]
[Site "Mukachevo"]
[Date "2009.02.23"]
[Round "1"]
[White "Bunda, Viktor"]
[Black "Karalkin, Maksim"]
[Result "1/2-1/2"]
[WhiteElo "2267"]
[BlackElo "2190"]
[PlyCount "70"]
[EventDate "2009.02.23"]
[EventType "tourn"]
[EventRounds "11"]
[EventCountry "UKR"]
[SourceTitle "CBM 128 Extra"]
[Source "ChessBase"]
[SourceDate "2009.03.05"]
[SourceVersion "2"]
[SourceVersionDate "2009.03.25"]
[SourceQuality "1"]

1. e4 g6 2. d4 Bg7 3. Nc3 c6 4. Nf3 d6 5. h3 b5 6. a3 a6 7. Be3 Nf6 8. Bd3 0-0 9. 0-0 Nbd7 10. Qd2 Qc7 11. Rfe1 Bb7 12. Rad1 Rfe8 13. Bh6 e5 14. Bxg7 Kxg7 15. dxe5 Nxe5 16. Nh2 Rad8 17. f4 Nxd3 18. cxd3 c5 19. Qf2 c4 20. Qd4 cxd3 21. Rxd3 Qc5 22. Kf2 Qxd4+ 23. Rxd4 Nh5 24. g3 f5 25. Nf3 Nf6 26. exf5 Rxe1 27. Nxe1 gxf5 28. Nf3 h6 29. Nh4 Ne4+ 30. Nxe4 Bxe4 31. g4 Kf6 32. Nf3 Ke7 33. g5 Rc8 34. gxh6 Bxf3 35. Kxf3 Rh8 1/2-1/2

[Event "St Petersburg FINEC IM 9th"]
[Site "St Petersburg"]
[Date "2009.01.28"]
[Round "1"]
[White "Serov, Maksim"]
[Black "Karalkin, Maksim"]
[Result "1/2-1/2"]
[WhiteElo "2352"]
[BlackElo "2190"]
[PlyCount "30"]
[EventDate "2009.01.28"]
[EventType "tourn"]
[EventRounds "9"]
[EventCountry "RUS"]
[EventCategory "2"]
[SourceTitle "EXT 2010"]
[Source "ChessBase"]
[SourceDate "2010.11.25"]
[SourceVersion "1"]
[SourceVersionDate "2010.11.25"]
[SourceQuality "1"]

1. c4 c6 2. Nf3 d5 3. d4 Nf6 4. Nc3 a6 5. a4 e6 6. g3 dxc4 7. Bg2 c5 8. dxc5 Qxd1+ 9. Nxd1 Nc6 10. Ne3 Bxc5 11. Nxc4 Ke7 12. 0-0 Rd8 13. b3 Nd5 14. Rd1 f6 15. Bb2 Bd7 1/2-1/2

[Event "St Petersburg June op"]
[Site "St Petersburg"]
[Date "2008.06.25"]
[Round "5"]
[White "Ivanov, Victor L"]
[Black "Karalkin, Maksim"]
[Result "0-1"]
[WhiteElo "2499"]
[BlackElo "2261"]
[PlyCount "102"]
[EventDate "2008.06.21"]
[EventType "swiss"]
[EventRounds "9"]
[EventCountry "RUS"]
[SourceTitle "CBM 125 Extra"]
[Source "ChessBase"]
[SourceDate "2008.09.01"]
[SourceVersion "1"]
[SourceVersionDate "2008.09.01"]
[SourceQuality "1"]

1. Nf3 g6 2. d4 Bg7 3. c4 d6 4. Nc3 Nf6 5. e4 0-0 6. Be2 e5 7. dxe5 dxe5 8. 0-0 Nbd7 9. Qc2 c6 10. Rd1 Qe7 11. h3 Nh5 12. Bg5 Qe6 13. Nh2 Nf4 14. Bg4 f5 15. exf5 gxf5 16. Be2 Nxe2+ 17. Qxe2 e4 18. f3 Ne5 19. fxe4 Nxc4 20. b3 Nd6 21. Rac1 fxe4 22. Be3 Nf5 23. Bc5 Re8 24. Ng4 b6 25. Bf2 e3 26. Be1 Nd4 27. Qd3 c5 28. Ne2 Bb7 29. Nxd4 cxd4 30. Rc7 Re7 31. Rdc1 h5 32. Nh2 Be4 33. Rxe7 Qxe7 34. Qe2 Rf8 35. Qc4+ Qf7 36. Bb4 Qxc4 37. Rxc4 Rf2 38. Nf3 Bxf3 39. gxf3 Rxf3 40. Kg2 Rf7 41. Rc8+ Kh7 42. Re8 Kg6 43. a4 Rf2+ 44. Kg3 Rb2 45. Kf4 Rxb3 46. Re6+ Kf7 47. Re7+ Kf6 48. Bd6 Bh6+ 49. Kf3 d3 50. Re4 Rb1 51. Bf4 d2 0-1

[Event "Northwest FR-ch"]
[Site "St Petersburg"]
[Date "2008.03.28"]
[Round "9"]
[White "Neverov, Ivan"]
[Black "Karalkin, Maksim"]
[Result "0-1"]
[WhiteElo "2125"]
[BlackElo "2262"]
[PlyCount "80"]
[EventDate "2008.03.21"]
[EventType "swiss"]
[EventRounds "9"]
[EventCountry "RUS"]
[SourceTitle "EXT 2022"]
[Source "ChessBase"]
[SourceDate "2021.10.06"]
[SourceVersion "1"]
[SourceVersionDate "2021.10.06"]
[SourceQuality "1"]

1. e4 g6 2. d4 Bg7 3. Nf3 d6 4. c4 Nf6 5. Nc3 0-0 6. Be2 e5 7. d5 a5 8. 0-0 Na6 9. Ne1 Nc5 10. f3 Bd7 11. Be3 h5 12. Rc1 Nh7 13. b3 Bf6 14. a3 Bg5 15. Bxg5 Qxg5 16. b4 axb4 17. axb4 Qe3+ 18. Kh1 Na4 19. Nxa4 Rxa4 20. c5 Nf6 21. c6 bxc6 22. dxc6 Be6 23. Qxa4 Qxe2 24. Nc2 h4 25. Rfe1 Qf2 26. Ne3 h3 27. Qc2 hxg2+ 28. Nxg2 Qb6 29. Qd2 Kg7 30. f4 Bh3 31. f5 Rh8 32. Re2 Rh5 33. fxg6 fxg6 34. Qc3 Be6 35. Rg1 Rh3 36. Qe1 Qxc6 37. Nh4 Bg4 38. Rxg4 Nxg4 39. Rg2 Re3 40. Qd1 Qxe4 0-1

[Event "Chigorin Memorial-B 15th"]
[Site "St Petersburg"]
[Date "2007.12.07"]
[Round "7"]
[White "Khusenkhojaev, Muhammad"]
[Black "Karalkin, Maksim"]
[Result "1-0"]
[WhiteElo "2377"]
[BlackElo "2285"]
[PlyCount "101"]
[EventDate "2007.11.30"]
[EventType "swiss"]
[EventRounds "9"]
[EventCountry "RUS"]
[SourceTitle "CBM 121 Extra"]
[Source "ChessBase"]
[SourceDate "2008.01.10"]
[SourceVersion "1"]
[SourceVersionDate "2008.01.10"]
[SourceQuality "1"]

1. d4 Nf6 2. c4 e6 3. Nc3 d5 4. Bg5 Nbd7 5. e3 c6 6. a3 Be7 7. Nf3 h6 8. Bh4 0-0 9. Qc2 b6 10. cxd5 exd5 11. Bd3 Bb7 12. 0-0 Re8 13. Bf5 Nh5 14. Bxe7 Qxe7 15. Rfe1 Nhf6 16. e4 dxe4 17. Nxe4 Nxe4 18. Bxe4 Qd6 19. Rad1 Nf6 20. Ne5 Nxe4 21. Qxe4 Rad8 22. Qf3 Qd5 23. Qg3 Re6 24. h3 Rde8 25. Kh2 Ba6 26. Ng4 Kf8 27. Rxe6 Qxe6 28. Qc7 Re7 29. Qb8+ Qc8 30. Qd6 Qc7 31. Qxc7 Rxc7 32. Ne3 Rd7 33. Kg3 Be2 34. Rd2 Bb5 35. h4 h5 36. Kf4 Ke7 37. Kg5 g6 38. f3 Ke6 39. g4 c5 40. d5+ Ke5 41. gxh5 gxh5 42. Kxh5 Kf4 43. Ng2+ Kxf3 44. Kg5 Rd6 45. h5 Be8 46. Nh4+ Ke3 47. Nf5+ Kxd2 48. Nxd6 f6+ 49. Kh4 Ba4 50. h6 Bc2 51. Ne8 1-0

[Event "Chigorin Memorial-B 15th"]
[Site "St Petersburg"]
[Date "2007.12.06"]
[Round "6"]
[White "Karalkin, Maksim"]
[Black "Vorobjov, Denis S"]
[Result "1/2-1/2"]
[WhiteElo "2285"]
[BlackElo "2227"]
[PlyCount "87"]
[EventDate "2007.11.30"]
[EventType "swiss"]
[EventRounds "9"]
[EventCountry "RUS"]
[SourceTitle "CBM 121 Extra"]
[Source "ChessBase"]
[SourceDate "2008.01.10"]
[SourceVersion "1"]
[SourceVersionDate "2008.01.10"]
[SourceQuality "1"]

1. e4 c5 2. c3 Nf6 3. e5 Nd5 4. Nf3 Nc6 5. Bc4 Nb6 6. Be2 d6 7. exd6 e5 8. d4 cxd4 9. cxd4 e4 10. Ng5 Bxd6 11. Nxe4 Bb4+ 12. Nbc3 Qxd4 13. 0-0 0-0 14. Be3 Qe5 15. a3 Rd8 16. Qc1 Bf8 17. b4 Bf5 18. Nc5 Bxc5 19. bxc5 Nd5 20. Nxd5 Rxd5 21. Bc4 Nd4 22. Re1 Rd7 23. Bf4 Qf6 24. Qe3 h6 25. Be5 Qh4 26. Bxd4 Qxd4 27. Qxd4 Rxd4 28. Rac1 Rc8 29. h3 Kf8 30. Re5 g6 31. Rd5 Rxc4 32. Rxc4 Be6 33. Rcd4 Bxd5 34. Rxd5 Ke7 35. f4 Rc6 36. Kf2 Ra6 37. Rd3 Ra4 38. Ke3 b5 39. cxb6 axb6 40. g4 Ke6 41. Kf3 b5 42. h4 b4 43. Re3+ Kf6 44. axb4 1/2-1/2

[Event "Chigorin Memorial-B 15th"]
[Site "St Petersburg"]
[Date "2007.12.05"]
[Round "5"]
[White "Solovjova, Valentina"]
[Black "Karalkin, Maksim"]
[Result "0-1"]
[WhiteElo "2221"]
[BlackElo "2285"]
[PlyCount "92"]
[EventDate "2007.11.30"]
[EventType "swiss"]
[EventRounds "9"]
[EventCountry "RUS"]
[SourceTitle "CBM 121 Extra"]
[Source "ChessBase"]
[SourceDate "2008.01.10"]
[SourceVersion "1"]
[SourceVersionDate "2008.01.10"]
[SourceQuality "1"]

1. e4 e6 2. d4 d5 3. e5 c5 4. c3 Qb6 5. Nf3 Nc6 6. a3 c4 7. g3 Na5 8. Nbd2 Bd7 9. Bg2 Ne7 10. 0-0 h6 11. Nh4 g5 12. Nhf3 Nf5 13. h4 g4 14. Ne1 h5 15. Nc2 Ba4 16. b4 cxb3 17. Ne3 Nxe3 18. fxe3 Bh6 19. e4 Nc6 20. Bb2 Bxd2 21. Qxd2 dxe4 22. Qf4 0-0-0 23. Qxe4 Ne7 24. Rxf7 Bc6 25. Qd3 Bxg2 26. Kxg2 Qc6+ 27. Kh2 Rhf8 28. Raf1 Rxf7 29. Rxf7 Nd5 30. c4 Nb6 31. c5 Nd7 32. Qe3 Qd5 33. Rf2 b6 34. c6 Nb8 35. Qg5 Nxc6 36. Qxh5 Nxd4 37. Qxg4 Nf5 38. Qe2 Kb8 39. h5 Rc8 40. Qd2 Qe4 41. Qe2 Qb1 42. Qb5 Nxg3 43. Rf7 Qxb2+ 44. Kh3 Nf5 45. Qd7 Rc3+ 46. Kg4 Qg2+ 0-1

[Event "Chigorin Memorial-B 15th"]
[Site "St Petersburg"]
[Date "2007.12.01"]
[Round "1"]
[White "Palchun, Grigory"]
[Black "Karalkin, Maksim"]
[Result "1/2-1/2"]
[WhiteElo "2051"]
[BlackElo "2285"]
[PlyCount "151"]
[EventDate "2007.11.30"]
[EventType "swiss"]
[EventRounds "9"]
[EventCountry "RUS"]
[SourceTitle "CBM 121 Extra"]
[Source "ChessBase"]
[SourceDate "2008.01.10"]
[SourceVersion "1"]
[SourceVersionDate "2008.01.10"]
[SourceQuality "1"]

1. d4 Nf6 2. Nf3 g6 3. Bf4 Bg7 4. e3 0-0 5. Be2 b6 6. 0-0 Bb7 7. c3 d6 8. Nbd2 c5 9. h3 Nbd7 10. Bh2 Qc7 11. a4 a6 12. Bc4 Qc6 13. Re1 b5 14. Bb3 e5 15. e4 c4 16. Bc2 Rfe8 17. Qe2 Nh5 18. dxe5 dxe5 19. Nf1 Nc5 20. axb5 axb5 21. Rxa8 Bxa8 22. Qe3 Qc7 23. N1d2 Nf4 24. b4 cxb3 25. Bxb3 Nxb3 26. Nxb3 Rc8 27. Ra1 Bh6 28. Bxf4 Bxf4 29. Qd3 h5 30. Nbd2 Bc6 31. c4 b4 32. Rb1 Rd8 33. Qe2 Qd6 34. Nb3 Ba4 35. g3 Bh6 36. Qa2 Qd3 37. Nxe5 Qxe4 38. Nc5 b3 39. Qb2 Qc2 40. Nxa4 Rd2 41. f4 Rg2+ 42. Kh1 Rh2+ 43. Kg1 Rg2+ 44. Kh1 Rxg3 45. Qxc2 bxc2 46. Rc1 Bxf4 47. Rxc2 Rxh3+ 48. Kg1 Bxe5 49. c5 Ra3 50. Nb6 Rb3 51. Nd5 Rb5 52. Kg2 Kg7 53. Ne3 Rb3 54. Nd5 Rd3 55. Nb6 Rg3+ 56. Kf2 Rh3 57. Kg1 Rc3 58. Rxc3 Bxc3 59. Kg2 f5 60. c6 Be5 61. Nd5 g5 62. c7 Bxc7 63. Nxc7 Kf6 64. Ne8+ Ke5 65. Ng7 h4 66. Kh3 f4 67. Kg4 Kf6 68. Nh5+ Ke5 69. Ng7 h3 70. Kxh3 Kf6 71. Nh5+ Kf5 72. Ng3+ Ke5 73. Kg4 Kd4 74. Kf3 Ke5 75. Nf1 Kf5 76. Nh2 1/2-1/2

[Event "Novaya Ladoga"]
[Site "Novaya Ladoga"]
[Date "2007.07.13"]
[Round "9"]
[White "Shkuran, Danylo"]
[Black "Karalkin, Maksim"]
[Result "1/2-1/2"]
[WhiteElo "2420"]
[BlackElo "2343"]
[PlyCount "28"]
[EventDate "2007.07.05"]
[EventType "tourn"]
[EventRounds "9"]
[EventCountry "RUS"]
[EventCategory "2"]
[SourceTitle "CBM 119 Extra"]
[Source "ChessBase"]
[SourceDate "2007.09.04"]
[SourceVersion "1"]
[SourceVersionDate "2007.09.04"]
[SourceQuality "1"]

1. e4 e5 2. Nf3 Nf6 3. Nxe5 d6 4. Nf3 Nxe4 5. d4 d5 6. Bd3 Nc6 7. 0-0 Be7 8. c4 Nb4 9. Be2 0-0 10. a3 Nc6 11. cxd5 Qxd5 12. Nc3 Nxc3 13. bxc3 Bg4 14. Bf4 Rac8 1/2-1/2

[Event "Novaya Ladoga"]
[Site "Novaya Ladoga"]
[Date "2007.07.10"]
[Round "6"]
[White "Murashova, Ekaterina"]
[Black "Karalkin, Maksim"]
[Result "1/2-1/2"]
[WhiteElo "2219"]
[BlackElo "2343"]
[PlyCount "33"]
[EventDate "2007.07.05"]
[EventType "tourn"]
[EventRounds "9"]
[EventCountry "RUS"]
[EventCategory "2"]
[SourceTitle "CBM 119 Extra"]
[Source "ChessBase"]
[SourceDate "2007.09.04"]
[SourceVersion "1"]
[SourceVersionDate "2007.09.04"]
[SourceQuality "1"]

1. e4 e5 2. Nf3 Nc6 3. Bb5 Nf6 4. 0-0 Nxe4 5. Re1 Nd6 6. Nxe5 Nxe5 7. Rxe5+ Be7 8. Bf1 0-0 9. d4 Bf6 10. Re1 Nf5 11. c3 d5 12. Bf4 Nd6 13. Bd3 Bf5 14. Bxf5 Nxf5 15. Be5 Re8 16. Bxf6 Qxf6 17. Nd2 1/2-1/2